Young learner's picture dictionary

Bibliographic Details
Main Author: Niblo, Alison
Other Authors: De Saulles, Janet
Format: Book
Published: London : Alligators Books Limited , 2006
Subjects:

MARC

LEADER 00000cam a2200000 7i4500
001 0000108936
005 20070403.0
020 |a 1842399454 
090 0 0 |a 030   |b NIB 
100 0 |a Niblo, Alison 
245 0 0 |a Young learner's picture dictionary   |c Alison Niblo & Janet De Saulles 
260 |a London :   |b Alligators Books Limited ,   |c 2006 
300 |a 40p. :   |b ill. ;   |c 29cm. 
650 0 0 |a Children's encyclopedias and dictionaries 
650 0 0 |a Picture dictionaries, English   |x Juvenile literature 
700 1 |a De Saulles, Janet 
999 |a 00198323   |b BUKU   |c JUNIOR BOOKS   |e PERPUSTAKAAN KOMUNITI PETALING JAYA